LEADER 01332nam a2200313 i 4500 001 991003281419707536 006 m d 007 cr cn||||||||| 008 080617s2006 mau sb 001 0 eng d 020 $a9780444522009 020 $a044452200X 035 $ab13660251-39ule_inst 040 $aDip.to Matematica$beng 082 04$a515.35$222 100 1 $aDe Coster, Colette$0500378 245 10$aTwo-point boundary value problems$h[e-book] :$blower and upper solutions /$cColette De Coster, Patrick Habets 260 $aAmsterdam ;$aBoston :$bElsivier,$cc2006 300 $ax, 489 p. ;$c25 cm 440 0$aMathematics in science and engineering,$x0076-5392 ;$v205 504 $aIncludes bibliographical references (p. 463-487) and index 650 0$aBoundary value problems 650 0$aFunctional differential equations 700 1 $aHabets, Patrick$eauthor$4http://id.loc.gov/vocabulary/relators/aut$0293063 856 40$3ScienceDirect$uhttp://www.sciencedirect.com/science/publication?issn=00765392&volume=205$zAn electronic book accessible through the World Wide Web; click for information 907 $a.b13660251$b03-03-22$c29-01-08 912 $a991003281419707536 996 $aTwo-point boundary value problems$91464077 997 $aUNISALENTO 998 $ale013$b29-01-08$cm$d@ $e-$feng$gmau$h0$i0